Construcción laminar : elementos y estructuración

Bibliographic Details
Main Author: Angerer, Fred
Format: Section = Libro
Language:Undetermined
Spanish
Published: Barcelona Gustavo Gili [s.f.]
Edition:3a.ed.
Subjects:
LEADER 00475nam a2200181Ia 4500
008 240829s9999 xx 000 0 und d
040 |a BIBLIOTECA-RUSB/ 721 A587 
041 |a spa 
082 |a 721 A587 
100 1 |a Angerer, Fred 
245 1 0 |a Construcción laminar : elementos y estructuración 
250 |a 3a.ed. 
260 |a Barcelona  |b Gustavo Gili  |c [s.f.] 
300 |a 81 p. :il. 
650 7 |a CONSTRUCCION ARQUITECTONICA 
942 |c BK  |2 ddc 
991 |a TEXTO 
999 |c 5092